| 000 | 01388nam a2200277 a 4500 | ||
|---|---|---|---|
| 001 | ASIN1859464483 | ||
| 003 | OSt | ||
| 005 | 20180116192425.0 | ||
| 008 | 150129s2012 xxu eng d | ||
| 020 |
_a1859464483 (paperback) _c$47.95 |
||
| 020 | _a9781859464489 (paperback) | ||
| 040 | _c0 | ||
| 050 | 0 | 4 | _aNA2541 |
| 082 | 0 | 4 | _a724.6 |
| 100 | 1 |
_aPuckett, Katie. _97978 |
|
| 245 | 1 | 0 |
_aDesign for climate change / _cKatie Puckett, William Gethering. |
| 260 |
_aLondon : _bRIBA Publishing, _c2013. |
||
| 300 |
_a196 p. ; _c28 cm. |
||
| 520 | _aAimed at architects, contractors, engineers and specialists in the field, this book uses real-world evidence from a Technology Strategy Board-funded research project to develop a set of tools for architects and other building designers to meet a growing need to anticipate future climate change. Built on in his seminal future climate change report for the TSB, Bill Gething (with Katie Puckett) identifies three broad categories of climate change impacts on building design – comfort and energy performance, construction, and managing water. | ||
| 650 | 0 |
_aArchitecture _97979 |
|
| 650 | 0 |
_aArchitecture and climate _97980 |
|
| 650 | 0 |
_aBuildings--Energy conservation _97981 |
|
| 700 | 1 |
_aGethering, William. _97982 |
|
| 856 | 4 | 0 |
_3Amazon.com _uhttp://www.amazon.com/exec/obidos/ASIN/1859464483/chopaconline-20 |
| 942 |
_2ddc _cBK |
||
| 999 |
_c354054 _d354054 |
||